000
00316nam a22001097a 4500
999
_c
1714
_d
1714
005
20200903110221.0
008
200903b ||||| |||| 00| 0 eng d
040
_c
CML
245
_a
Man and Space.
_c
Clarke, A.C.
260
_a
Nederland
_b
Time-Life International
_c
1965
942
_2
ddc
_c
BK
_h
629.4
_m
CLA